Denní osvětlení a oslunění budov

Enregistré dans:
Détails bibliographiques
Auteurs principaux: Rybár, Peter (Auteur), Šesták, František (Auteur), Hraška, Jozef, 1953- (Auteur), Juklová, Marie (Auteur), Vaverka, Jiří (Auteur)
Format: Livre
Langue:tchèque
Publié: Brno : ERA, 2002
Tags: Ajouter un tag
Pas de tags, Soyez le premier à ajouter un tag!

MARC

LEADER 00000nam a22000003a 4500
001 stu78566
005 20220321183634.3
008 030121s2002----xr------------------cze-d
020 |a 80-86517-33-0 
040 |a STU  |b slo 
041 0 |a cze 
044 |a xr 
080 |a 628.9 
080 |a 644 
100 1 |a Rybár, Peter  |4 aut  |9 30 
245 1 |a Denní osvětlení a oslunění budov 
260 |a Brno :  |b ERA,  |c 2002 
300 |a 271 s.;tab.,grafy 
700 1 |a Šesták, František  |4 aut  |9 30 
700 1 |a Hraška, Jozef,  |d 1953-  |4 aut  |u V180  |9 30  |U SvF Stavebná fakulta  |T SvF Katedra konštrukcií pozemných stavieb  |X 899  |U V180  |Y 18  |7 A000000899 
700 1 |a Juklová, Marie  |4 aut  |9 9 
700 1 |a Vaverka, Jiří  |4 aut  |9 1 
996 |b 284V026871  |c V*47613/O-20979  |l VVT  |s A  |a 24  |w stu78566_0001 
996 |b 284V033129  |c V*50656/O-22657  |l VVS  |s A  |a 24  |w stu78566_0002 
996 |b 284V030543  |c V*49607/O-21971  |l VVS  |s A  |a 24  |w stu78566_0003 
996 |b 284V030541  |c V*49608/O-21971a  |l VVS  |s A  |a 24  |w stu78566_0004